Statistics for Countries with the Most Persian Farsi Speakers

Click here to take the quiz!

General Stats

  • This quiz has been taken 138 times
  • The average score is 8 of 10

Answer Stats

PlaceStatusSpeakersAnswer% Correct
1.National48 806 100Iran
100%
2.National29 671 200Afghanistan
96%
9.221 000Pakistan
91%
7.322 000Iraq
86%
3.National6 400 000Tajikistan
84%
6.420 000U.S.A.
81%
4.4 536 000Uzbekistan
70%
10.214 200Canada
68%
5.1 200 000Russia
55%
8.303 000U.A.E.
51%

Score Distribution

Percentile by Number Answered

Percent of People with Each Score

Your Score History

You have not taken this quiz